000 01096cam a2200193 4500
001 4355
005 20181127173236.0
008 090925s2010 nyu 000 0 eng
010 _a 2009037802
020 _a13:9788184951196
020 _a9781439171868 (ebook)
100 1 _aSharma, Robin S.
_q(Robin Shilp),
_d1964-
245 1 4 _aThe leader who had no title :
_ba modern fable on real success in business and in life /
_cRobin Sharma.
250 _a1st Free Press hardcover ed.
260 _aAhmedabad :
_bJaico Pub,
_c2010.
300 _axiii, 203 p. ;
_c21 cm.
505 0 _aLeadership and success is your birthright -- My meeting with a leadership mentor -- The sad costs of mediocrity and the spectacular rewards of leadership mastery -- The first leadership conversation: you need no title to be a leader -- The second leadership conversation: turbulent times build great leaders -- The third leadership conversation: the deeper your relationships, the stronger your leadership -- The fourth leadership conversation: to be a great leader, first become a great person.
650 0 _aLeadership.
999 _c3600
_d3600